| 000 | 00449cam a2200181ua 4500 | ||
|---|---|---|---|
| 003 | OSt | ||
| 008 | 250512b |||||||| |||| 00| 0 eng d | ||
| 020 | _a81-219-2594-0 | ||
| 041 | _aeng | ||
| 082 |
_a624.17 _bRAJ/ST |
||
| 100 | _aRajput , R.K. | ||
| 245 | _aStrength of materials (Mechanics of solids) / | ||
| 250 | _a6th / | ||
| 260 |
_aNew Delhi : _bS.Chand and Co , _c2007. |
||
| 300 | _a1424 ; . | ||
| 500 | _a20885-Scheme | ||
| 942 | _cBK | ||
| 999 |
_c12185 _d12185 |
||